000 00855nam1a22002411i 4500
001 rc\3007760
005 20260407070953.0
035 _a(NLR Aleph) 007150476
090 _a7146433
_c7146433
100 _a20110922d1940 |||y0rusy50 ca
101 0 _arus
102 _aRU
105 _ay j |||||
200 1 _aКурс физики
_eУчебник для сред. школы
_eУтв. НКП РСФСР.Ч. 1-3
_fпроф. И.И. Соколов
205 _a3-е изд.
210 _aМосква
_cУчпедгиз
_d1940
_eЛенинград
215 _a3 т.
_d19 см
700 1 _7ca
_8rus
_aСоколов
_bИ. И.
_cд-р пед. наук, физика
_f1874-1967
_gИван Иванович
_9219241
_3RU\NLR\AUTH\770219297
801 0 _aRU
_bNLR
_gpsbo
801 1 _aRU
_bELAR
_2rusmarc
852 _aNLR
_j40-17/112(1)
942 _cBOOK